UK construction skills shortage response strategies and an analysis of industry perceptions (Record no. 65107)

MARC details
000 -LEADER
fixed length control field 01629cam a2200301 4500
001 - CONTROL NUMBER
control field ABS62941
008 - FIXED-LENGTH DATA ELEMENTS--GENERAL INFORMATION
fixed length control field 000000n2000 000 0 eng u
035 ## - SYSTEM CONTROL NUMBER
System control number (Sirsi) u109018
100 ## - MAIN ENTRY--PERSONAL NAME
Personal name Mackenzie, A.
245 ## - TITLE STATEMENT
Title UK construction skills shortage response strategies and an analysis of industry perceptions
260 ## - PUBLICATION, DISTRIBUTION, ETC.
Date of publication, distribution, etc. 2000
490 ## - SERIES STATEMENT
Series statement Construction Management and Economics
Volume/sequential designation 18(7) October-November 2000, 853-862(10)
520 ## - SUMMARY, ETC.
Summary, etc. With the current economic recovery it is likely the construction industry will shortly be facing considerable shortages of skilled workers in both traditional and new skills areas. Details the findings of a survey which looked at construction employers' views of the response strategies that have been promoted by industry and government. Describes seven existing schemes, and another nine alternative strategies. The survey findings indicate that employers support: the Construction Skills Certification Scheme; Investors in People; economic stability within the industry; long term industry-wide training plans; a return to direct employment; the development of new technologies and construction techniques. Tables. References.
590 ## - LOCAL NOTE (RLIN)
Local note ABS
650 ## - SUBJECT ADDED ENTRY--TOPICAL TERM
Topical term or geographic name entry element CONSTRUCTION INDUSTRY
650 ## - SUBJECT ADDED ENTRY--TOPICAL TERM
Topical term or geographic name entry element LABOUR SHORTAGE
650 ## - SUBJECT ADDED ENTRY--TOPICAL TERM
Topical term or geographic name entry element SKILLED LABOUR
650 ## - SUBJECT ADDED ENTRY--TOPICAL TERM
Topical term or geographic name entry element STRATEGIES
650 ## - SUBJECT ADDED ENTRY--TOPICAL TERM
Topical term or geographic name entry element RESPONSE
650 ## - SUBJECT ADDED ENTRY--TOPICAL TERM
Topical term or geographic name entry element CONSTRUCTION SKILLS CERTIFICATION SCHEME
650 ## - SUBJECT ADDED ENTRY--TOPICAL TERM
Topical term or geographic name entry element INVESTORS IN PEOPLE
650 ## - SUBJECT ADDED ENTRY--TOPICAL TERM
Topical term or geographic name entry element DIRECT EMPLOYMENT
650 ## - SUBJECT ADDED ENTRY--TOPICAL TERM
Topical term or geographic name entry element CAREERS, EDUCATION AND TRAINING
690 ## - LOCAL SUBJECT ADDED ENTRY--TOPICAL TERM (OCLC, RLIN)
Topical term or geographic name as entry element BUILT ENVIRONMENT
700 ## - ADDED ENTRY--PERSONAL NAME
Personal name Kilpatrick, A.
700 ## - ADDED ENTRY--PERSONAL NAME
Personal name Akintoye, A.
942 ## - ADDED ENTRY ELEMENTS (KOHA)
Suppress in OPAC 0
Holdings
Withdrawn status Lost status Source of classification or shelving scheme Damaged status Not for loan Home library Current library Shelving location Date acquired Total Checkouts Full call number Barcode Date last seen Copy number Price effective from Koha item type
    Dewey Decimal Classification     London London Journal article 27/10/2000   ABS62941 109018-1001 06/08/2019 1 06/08/2019 Journal article